|
|
|
|
| LEADER |
01019aam a22002778a 4500 |
| 001 |
00043498 |
| 005 |
20190108150110.0 |
| 008 |
120504s2011 ||||||viesd |
| 020 |
# |
# |
|c 22000
|
| 041 |
0 |
# |
|a vie
|
| 082 |
1 |
4 |
|a 658.8
|b NGH305C
|
| 245 |
1 |
0 |
|a Nghiên cứu thị trường - giải mã nhu cầu khách hàng
|c Dương Thị Kim Chung,.. [và nh.ng. khác]
|
| 250 |
# |
# |
|a Tái bản lần thứ 1
|
| 260 |
# |
# |
|a Tp. Hồ Chí Minh
|b Trẻ
|c 2007
|
| 300 |
# |
# |
|b hình vẽ, sơ đồ
|a 136 tr.
|c 27 cm.
|
| 490 |
# |
# |
|a Bộ sách quản trị Marketting
|
| 500 |
# |
# |
|a ĐTTS ghi: học để thành công - học để giàu
|
| 653 |
# |
# |
|a Marketing
|
| 653 |
# |
# |
|a Nhu Cầu
|
| 653 |
# |
# |
|a Quan hệ
|
| 653 |
# |
# |
|a dịch vụ
|
| 653 |
# |
# |
|a kinh doanh
|
| 700 |
1 |
# |
|a Dương, Thị Kim Chung
|
| 852 |
# |
# |
|j KM.0027609
|j KD.0025888
|j KM.0027608
|j KM.0027606
|j KM.0027607
|
| 910 |
# |
# |
|d 8/1/2019
|
| 980 |
# |
# |
|a Trung tâm Học liệu Lê Vũ Hùng, Trường Đại học Đồng Tháp
|